000 00696nam a22002417a 4500
003 UA-OsUOA
001 54109
007 ta
008 20160706b un ||||| |||| 00| 0 ukr d
100 _aЧмола І.
090 _a74
_bЧ-74
942 _cBK
040 _aUA-OsUOA
_bukr
_cUA-OsUOA
_dUA-OsUOA
245 _aКраса української вишивки
300 _a246 с.
955 _a4
041 _aukr
080 _a74
260 _aHumburg; New York
_bEvenhouse Printing, LLC
_c2012
650 7 _a7 Мистецтво. Ігри. Спорт.
_2UDC
999 _c434226
_d434226